000 00623nam a2200181Ia 4500
005 20260302160847.0
008 260302s9999 xx 000 0 und d
020 _a9780875845692
082 _a338.9438
_bJOH
100 _aJohnson, Simon
245 0 _aStarting Over in Eastern Europe /
_cJohnson, Simon; Loveman, Gary
260 _bHarvard Business Press,
_c1995
300 _a262 pages
520 _aDiscusses the restructuring of state enterprises and the development of private businesses, and examines the progress made by Poland
650 _aBusiness & Economics
700 _aLoveman, Gary
942 _cENGLISH
999 _c616581
_d616581